| Tag |
First Indicator |
Second Indicator |
Subfields |
| LEADER |
00000cam a2200000 a 4500 |
| 001 |
in00000003115 |
| 005 |
20151007051031.0 |
| 008 |
990607s1999 pauab b f000 0 eng d |
| 035 |
|
|
|a (OCoLC)41494767
|
| 035 |
|
|
|9 AJG1757AM
|
| 040 |
|
|
|d GPO
|d DLC
|d MvI
|d UtOrBLW
|
| 043 |
|
|
|a n-us-wv
|a n-us-pa
|
| 049 |
|
|
|a UDOC
|
| 074 |
|
|
|a 0624-B
|
| 086 |
0 |
|
|a I 19.42/4:98-4258
|
| 100 |
1 |
|
|a Williams, Donald R.
|
| 245 |
1 |
0 |
|a Stream water quality in coal mined areas of the lower Cheat River Basin, West Virginia and Pennsylvania, during low-flow conditions, July 1997 /
|c by Donald R. Williams, Mary E. Clark, and Juliane B. Brown.
|
| 264 |
|
1 |
|a [Pittsburgh, Pa.] :
|b U.S. Department of the Interior, U.S. Geological Survey,
|c [1999]
|
| 300 |
|
|
|a 8 pages :
|b color illustrations, maps (some color) ;
|c 28 cm.
|
| 336 |
|
|
|a text
|b txt
|2 rdacontent
|
| 337 |
|
|
|a unmediated
|b n
|2 rdamedia
|
| 338 |
|
|
|a volume
|b nc
|2 rdacarrier
|
| 490 |
1 |
|
|a Water-resources investigations report ;
|v 98-4258
|
| 500 |
|
|
|a Caption title.
|
| 500 |
|
|
|a Shipping list number: 99-0187-P.
|
| 500 |
|
|
|a "March 1999"--P. [1].
|
| 504 |
|
|
|a Includes bibliographical references [page 8].
|
| 650 |
|
0 |
|a Acid mine drainage
|x Environmental aspects
|z Cheat River Watershed (W. Va. and Pa.)
|
| 650 |
|
0 |
|a Water quality
|z Cheat River Watershed (W. Va. and Pa.)
|
| 700 |
1 |
|
|a Clark, Mary E.
|
| 700 |
1 |
|
|a Brown, Juliane B.
|
| 710 |
2 |
|
|a Geological Survey (U.S.)
|
| 830 |
|
0 |
|a Water-resources investigations report ;
|v 98-4258.
|
| 999 |
|
|
|a MARS
|
| 999 |
f |
f |
|s 6bdcb323-e61b-3d06-9b2a-0ab2b89859a3
|i f9674fe8-dcab-3777-b732-ce9df380610e
|t 0
|
| 952 |
f |
f |
|p normal
|a Texas A&M University
|b College Station
|c Sterling C. Evans Library
|d Evans: US Documents (Annex 5th floor)
|t 0
|e I 19.42/4:98-4258
|h Superintendent of Documents classification
|i unmediated -- volume
|m A14824480295
|
| 998 |
f |
f |
|a I 19.42/4:98-4258
|t 0
|l Evans: US Documents (Annex 5th floor)
|